00724cam a2200193 a 4500020004000000040000800040082002600048100002600074245006100100250001200161260003500173300005700208500002000265650001500285856005900300942000700359999001700366952014700383 a0072558202 (hard copy : alk. paper) cDLC00a540 MCG 2006 A035 Or.1 aSilberberg, Martin S.10aChemistry :bthe molecular nature of matter and change / a4th ed. aBoston :bMcGraw-Hill,cc2006. a1 v. (various pagings) :bill. (some col.) ;c28 cm. aIncludes index. 0aChemistry.41uhttp://www.loc.gov/catdir/toc/ecip0421/2004018874.html cEK c12665d12665 0010406540_000000000000000_MCG_2006_A035_OR70962731aLBAbLBAcA035d2017-08-16o540 MCG 2006 A035 Or.pA16634r2017-08-16w2017-08-16yEK